| 000 | 00964cam a2200301 a 4500 | ||
|---|---|---|---|
| 999 |
_c2212 _d2212 |
||
| 003 | OSt | ||
| 005 | 20210707075600.0 | ||
| 008 | 920406s1992 enka 001 0 eng c | ||
| 020 | _a0192616757 (pbk) : | ||
| 020 | _a0192616765 (hbk) : | ||
| 040 | _cALUPE UNIVERSITY | ||
| 050 | 0 | 0 |
_aRM300 _b.G71 1992 |
| 060 | _aWB 330 G742o | ||
| 100 | 2 | _aGrahame-Smith, David Grahame. | |
| 245 | 1 | 0 |
_aOxford textbook of clinical pharmacology and drug therapy / _cD.G. Grahame-Smith and J.K. Aronson. |
| 250 | _a2nd ed. | ||
| 260 |
_aOxford ; _aNew York : _bOxford University Press, _c1992. |
||
| 300 |
_axviii, 756 p. : _bill. ; _c25 cm. |
||
| 500 | _aIncludes index. | ||
| 650 | 0 | _aPharmacology. | |
| 650 | 0 | _aChemotherapy. | |
| 650 | 2 | _aDrug Therapy. | |
| 650 | 2 | _aPharmacology, Clinical. | |
| 700 | 1 | _aAronson, J. K. | |
| 906 |
_a7 _bcbc _corignew _d1 _eocip _f19 _gy-gencatlg |
||
| 942 |
_2lcc _cBK _nPW |
||